000
00305nam a2200157Ia 4500
100
_a
Bentley/Jon
250
_a
2
942
_c
BK
654
_a
Pearls
245
_a
Programming Pearls
260
_b
Pearson Ed
_c
2000
082
_a
005.1/BEN
_b
BEN
300
_a
239
546
_a
ENGLISH
999
_c
30697
_d
30697